| 000 | 00785 a2200265 4500 | ||
|---|---|---|---|
| 003 | CBULib | ||
| 005 | 20241106122004.0 | ||
| 008 | 241030b |||||||| |||| 00| 0 eng d | ||
| 020 | _a9780073314655 | ||
| 040 |
_bEnglish _cCBULib _erda |
||
| 050 | _aHG 4521 Bod | ||
| 100 | _aBodie, Zvi | ||
| 245 |
_aInvestments _c/ by Zvi Bodie |
||
| 250 | _aSeventh edition. | ||
| 260 |
_bMcGraw-Hill, _c2008 _aBoston : |
||
| 300 | _axxix, 999, 2,13, 22 pages : illustrations | ||
| 336 |
_2rdacontent _aText | _btxt |
||
| 337 |
_2rdamedia _aUnmediated | _bn |
||
| 338 |
_2rdacarrier _aVolume _bnc |
||
| 500 | _aIncludes bibliographical references, glossary and index | ||
| 650 | 0 |
_93084 _aINVESTMENTS |
|
| 650 | 0 |
_92031 _aFINANCES |
|
| 650 | 0 |
_93871 _aPORTFOLIO MANAGEMENT |
|
| 942 |
_2lcc _c002 |
||
| 999 |
_c85523 _d85523 |
||